01240nam a2200253Ia 450000500170000000800410001702000150005810000290007324500510010225000230015330000680017649000360024450000220028050504010030265000410070365000350074465000380077926400310081733600270084833700330087533800280090804000350093608400150097120220317000549.0160601s2005 ck a g 000 0 spa  a95863337521 aZaragoza Rovira, Gonzalo14aLos grandes descubrimientos cGonzalo Zaragoza a2a. reimpresión  a95 páginas bilustraciones cilustraciones, mapas y retratos  aBiblioteca básica de historia aIncluye glosario  aLos universos aislados del siglo ; La expansión por el Atlántico ; El descubrimiento de América ; De Santo Domingo a los grandes imperios americanos ; La conquista y el indígena ; Más europeos aparecen en el continente ; consecuencias de los descubrimientos en Europa ; La sociedad colonial ; La exploración del Pacífico ; Los nuevos imperios del XVII : Francia, Inglaterra, Holanda142LEMBaDescubrimientos geográficos 142LEMBaGeografía histórica 142LEMBaExpediciones científicas  aBogotá bRei Andesc2005 atextobtxt2rdacontent asin mediaciónbn2rdamedia avolumenbnc2rdacarrier aCO-BoRNBPbspaerdacCO-BoRNBP a910.4 Z17g